000 00319nam a22001457a 4500
020 _a0-553-40768-6
082 _a823
_bBRY/S
100 _aBRYANT, BONNIIE
245 _aTHE SADDLE CLUB
260 _aUSA
_bBANTAM SKYLARK
_c1995
300 _a131
520 _aCHILDRENS NOVEL
650 _aCHILDRENS NOVEL
942 _cBK
999 _c5727
_d5727